[Event "HUN-chT 0607"]
[Site "Hungary"]
[Date "2007.05.06"]
[Round "10"]
[White "Hazai, Laszlo"]
[Black "Vajda, Levente"]
[Result "0-1"]
[WhiteElo "2423"]
[BlackElo "2534"]
[PlyCount "72"]
[EventDate "2006.11.12"]
[EventType "team"]
[EventRounds "11"]
[EventCountry "HUN"]
[SourceTitle "EXT 2008"]
[Source "ChessBase"]
[SourceDate "2007.11.25"]
[SourceVersion "1"]
[SourceVersionDate "2007.11.25"]
[SourceQuality "1"]
[WhiteTeam "Paks"]
[BlackTeam "Nagykanizsa"]
[WhiteTeamCountry "HUN"]
[BlackTeamCountry "HUN"]

1. e4 e5 2. Nf3 d6 3. d4 exd4 4. Nxd4 Nf6 5. Nc3 Be7 6. g3 0-0 7. Bg2 a5 8. a4 c6 9. 0-0 Na6 10. h3 Re8 11. Re1 Bf8 12. Bf4 Nd7 13. Qd2 Ne5 14. b3 Nb4 15. Rad1 Qb6 16. Be3 Qc7 17. f4 Nd7 18. g4 Nc5 19. Bf2 b6 20. Nde2 d5 21. e5 Ba6 22. Nd4 Rad8 23. Qc1 Ne6 24. Nf3 Bc5 25. f5 Bxf2+ 26. Kxf2 Nf8 27. f6 Ng6 28. Ne2 Nxe5 29. Ng3 Qd6 30. Qg5 Qc5+ 31. Rd4 Ng6 32. Nf5 Nxc2 33. Re7 Nxd4 34. N3xd4 h6 35. Qe3 Rxe7 36. fxe7 Re8 0-1

[Event "HUN-chT 0607"]
[Site "Hungary"]
[Date "2006.11.12"]
[Round "1"]
[White "Galyas, Miklos"]
[Black "Hazai, Laszlo"]
[Result "1/2-1/2"]
[WhiteElo "2428"]
[BlackElo "2423"]
[PlyCount "55"]
[EventDate "2006.11.12"]
[EventType "team"]
[EventRounds "11"]
[EventCountry "HUN"]
[SourceTitle "EXT 2008"]
[Source "ChessBase"]
[SourceDate "2007.11.25"]
[SourceVersion "1"]
[SourceVersionDate "2007.11.25"]
[SourceQuality "1"]
[WhiteTeam "Statisztika"]
[BlackTeam "Paks"]
[WhiteTeamCountry "HUN"]
[BlackTeamCountry "HUN"]

1. d4 Nf6 2. c4 g6 3. Nc3 Bg7 4. e4 d6 5. h3 0-0 6. Bg5 Na6 7. Nf3 e5 8. d5 Qe8 9. g4 Nd7 10. Rg1 Kh8 11. Be2 Ndc5 12. a3 f5 13. gxf5 gxf5 14. exf5 Bxf5 15. Nh4 e4 16. Nxf5 Rxf5 17. Be3 Qe5 18. Qc2 Nd3+ 19. Bxd3 exd3 20. Qxd3 Nc5 21. Qe2 Nb3 22. Rd1 Re8 23. Rg3 Rf7 24. Rd3 Qf5 25. Kd1 c5 26. dxc6 bxc6 27. Qc2 Na1 28. Qe2 1/2-1/2

[Event "HUN-chT 0506"]
[Site "Hungary"]
[Date "2006.02.26"]
[Round "8"]
[White "Petran, Pal"]
[Black "Hazai, Laszlo"]
[Result "1/2-1/2"]
[WhiteElo "2426"]
[BlackElo "2425"]
[PlyCount "30"]
[EventDate "2005.10.16"]
[EventType "team"]
[EventRounds "11"]
[EventCountry "HUN"]
[SourceTitle "EXT 2007"]
[Source "ChessBase"]
[SourceDate "2006.11.23"]
[SourceVersion "1"]
[SourceVersionDate "2006.11.23"]
[SourceQuality "1"]

1. d4 Nf6 2. c4 g6 3. Nc3 Bg7 4. e4 d6 5. Be2 0-0 6. Nf3 e5 7. 0-0 Nc6 8. d5 Ne7 9. Nd2 a5 10. a3 Nd7 11. Rb1 f5 12. b4 Kh8 13. Qc2 Ng8 14. f3 Ngf6 15. Na4 axb4 1/2-1/2

[Event "HUN-chT 0405"]
[Site "Hungary"]
[Date "2004.12.05"]
[Round "4"]
[White "Varadi, Viktor"]
[Black "Hazai, Laszlo"]
[Result "1/2-1/2"]
[WhiteElo "2415"]
[BlackElo "2428"]
[PlyCount "36"]
[EventDate "2004.09.26"]
[EventType "team-tourn"]
[EventRounds "11"]
[EventCountry "HUN"]
[SourceTitle "EXT 2011"]
[Source "ChessBase"]
[SourceDate "2010.11.26"]
[SourceVersion "1"]
[SourceVersionDate "2010.11.26"]
[SourceQuality "1"]
[WhiteTeam "Piremon"]
[BlackTeam "Paks"]
[WhiteTeamCountry "HUN"]
[BlackTeamCountry "HUN"]

1. e4 e5 2. Nf3 Nc6 3. Bb5 a6 4. Ba4 Nf6 5. 0-0 Be7 6. Re1 b5 7. Bb3 0-0 8. h3 Bb7 9. d3 d6 10. a3 Nb8 11. Nbd2 Nbd7 12. Nf1 Nc5 13. Ba2 Re8 14. Ne3 Bf8 15. Nh2 d5 16. exd5 Nxd5 17. b4 Na4 18. Nxd5 Bxd5 1/2-1/2

[Event "HUN-chT 0304"]
[Site "Hungary"]
[Date "2004.04.18"]
[Round "11"]
[White "Nemeth, Miklos"]
[Black "Hazai, Laszlo"]
[Result "1/2-1/2"]
[WhiteElo "2285"]
[BlackElo "2441"]
[PlyCount "22"]
[EventDate "2003.09.28"]
[EventType "team"]
[EventRounds "11"]
[EventCountry "HUN"]
[SourceTitle "EXT 2006"]
[Source "ChessBase"]
[SourceDate "2005.11.24"]
[SourceVersion "1"]
[SourceVersionDate "2005.11.24"]
[SourceQuality "1"]

1. e4 e5 2. Nf3 Nc6 3. Bc4 Nf6 4. d3 Bc5 5. c3 a6 6. 0-0 d6 7. h3 Ba7 8. Nbd2 0-0 9. Re1 Na5 10. Bb3 Nxb3 11. axb3 Re8 1/2-1/2

[Event "HUN-chT 0304"]
[Site "Hungary"]
[Date "2004.03.21"]
[Round "9"]
[White "Hazai, Laszlo"]
[Black "Farago, Sandor"]
[Result "1/2-1/2"]
[WhiteElo "2441"]
[BlackElo "2319"]
[PlyCount "25"]
[EventDate "2003.09.28"]
[EventType "team"]
[EventRounds "11"]
[EventCountry "HUN"]
[SourceTitle "EXT 2006"]
[Source "ChessBase"]
[SourceDate "2005.11.24"]
[SourceVersion "1"]
[SourceVersionDate "2005.11.24"]
[SourceQuality "1"]

1. e4 Nf6 2. e5 Nd5 3. d4 d6 4. Nf3 g6 5. Bc4 c6 6. 0-0 Bg7 7. h3 0-0 8. Qe2 dxe5 9. dxe5 Na6 10. Rd1 Nac7 11. Bb3 Qe8 12. c4 Nb6 13. Nc3 1/2-1/2

[Event "HUN-chT 0304"]
[Site "Hungary"]
[Date "2004.02.22"]
[Round "8"]
[White "Reiss, Tibor"]
[Black "Hazai, Laszlo"]
[Result "1/2-1/2"]
[WhiteElo "2343"]
[BlackElo "2441"]
[PlyCount "20"]
[EventDate "2003.09.28"]
[EventType "team"]
[EventRounds "11"]
[EventCountry "HUN"]
[SourceTitle "EXT 2006"]
[Source "ChessBase"]
[SourceDate "2005.11.24"]
[SourceVersion "1"]
[SourceVersionDate "2005.11.24"]
[SourceQuality "1"]

1. d4 Nf6 2. Bg5 d5 3. Bxf6 exf6 4. e3 Bd6 5. Bd3 c6 6. Nd2 f5 7. Qf3 g6 8. Ne2 Nd7 9. h4 h5 10. Nf4 Nf6 1/2-1/2

[Event "HUN-chT 0304"]
[Site "Hungary"]
[Date "2004.02.08"]
[Round "7"]
[White "Forintos, Gyozo Victor"]
[Black "Hazai, Laszlo"]
[Result "1/2-1/2"]
[WhiteElo "2335"]
[BlackElo "2441"]
[PlyCount "22"]
[EventDate "2003.09.28"]
[EventType "team"]
[EventRounds "11"]
[EventCountry "HUN"]
[SourceTitle "EXT 2006"]
[Source "ChessBase"]
[SourceDate "2005.11.24"]
[SourceVersion "1"]
[SourceVersionDate "2005.11.24"]
[SourceQuality "1"]

1. c4 g6 2. Nc3 Bg7 3. Nf3 Nf6 4. g3 0-0 5. Bg2 d6 6. d4 Nc6 7. 0-0 Rb8 8. h3 a6 9. a3 Na5 10. b3 Nd7 11. Rb1 c5 1/2-1/2

[Event "HUN-chT 0304"]
[Site "Hungary"]
[Date "2003.12.21"]
[Round "1"]
[White "Horvath, Adam"]
[Black "Hazai, Laszlo"]
[Result "1/2-1/2"]
[WhiteElo "2503"]
[BlackElo "2441"]
[PlyCount "36"]
[EventDate "2003.09.28"]
[EventType "team"]
[EventRounds "11"]
[EventCountry "HUN"]
[SourceTitle "EXT 2005"]
[Source "ChessBase"]
[SourceDate "2004.11.15"]
[SourceVersion "1"]
[SourceVersionDate "2004.11.15"]
[SourceQuality "1"]

1. e4 e5 2. Nf3 Nc6 3. Bc4 Nf6 4. Ng5 d5 5. exd5 Na5 6. Bb5+ c6 7. dxc6 bxc6 8. Be2 h6 9. Nh3 Bd6 10. Nc3 0-0 11. d3 Nd5 12. Ne4 Bc7 13. c4 Ne7 14. Be3 Nb7 15. Qa4 Qe8 16. Nc3 Nf5 17. Bf3 e4 18. Bxe4 Nxe3 1/2-1/2

[Event "HUN-chT 0203"]
[Site "Hungary"]
[Date "2003.03.23"]
[Round "9.4"]
[White "Hazai, Laszlo"]
[Black "Kerek, Krisztian"]
[Result "1/2-1/2"]
[WhiteElo "2439"]
[BlackElo "2358"]
[PlyCount "20"]
[EventDate "2002.09.22"]
[EventType "team"]
[EventRounds "11"]
[EventCountry "HUN"]
[SourceTitle "EXT 2004"]
[Source "ChessBase"]
[SourceDate "2003.11.25"]
[SourceVersion "1"]
[SourceVersionDate "2003.11.25"]
[SourceQuality "1"]
[WhiteTeam "Paks ASE"]
[BlackTeam "BEAC"]
[WhiteTeamCountry "HUN"]
[BlackTeamCountry "HUN"]

1. e4 c5 2. Nf3 e6 3. d4 cxd4 4. Nxd4 Nf6 5. Nc3 d6 6. Be2 Be7 7. 0-0 0-0 8. f4 a6 9. Kh1 Qc7 10. a4 Nc6 1/2-1/2

[Event "HUN-chT 0203"]
[Site "Hungary"]
[Date "2002.10.13"]
[Round "2.3"]
[White "Hazai, Laszlo"]
[Black "Fogarasi, Tibor"]
[Result "1/2-1/2"]
[WhiteElo "2439"]
[BlackElo "2466"]
[PlyCount "31"]
[EventDate "2002.09.22"]
[EventType "team"]
[EventRounds "11"]
[EventCountry "HUN"]
[SourceTitle "EXT 2004"]
[Source "ChessBase"]
[SourceDate "2003.11.25"]
[SourceVersion "1"]
[SourceVersionDate "2003.11.25"]
[SourceQuality "1"]
[WhiteTeam "Paks ASE"]
[BlackTeam "Statisztika"]
[WhiteTeamCountry "HUN"]
[BlackTeamCountry "HUN"]

1. e4 c5 2. Nf3 e6 3. d4 cxd4 4. Nxd4 Nc6 5. Nb5 d6 6. c4 Nf6 7. N1c3 a6 8. Na3 Be7 9. Be2 0-0 10. 0-0 b6 11. Be3 Bb7 12. Qb3 Nd7 13. Rad1 Nc5 14. Qc2 Bf6 15. Nab1 Qe7 16. a3 1/2-1/2

[Event "HUN-chT 0102"]
[Site "Hungary"]
[Date "2002.03.03"]
[Round "8"]
[White "Hazai, Laszlo"]
[Black "Lengyel, Bela"]
[Result "1/2-1/2"]
[WhiteElo "2443"]
[BlackElo "2354"]
[PlyCount "37"]
[EventDate "2001.??.??"]
[EventType "team"]
[EventRounds "11"]
[EventCountry "HUN"]
[SourceTitle "EXT 2004"]
[Source "ChessBase"]
[SourceDate "2003.11.25"]
[SourceVersion "1"]
[SourceVersionDate "2003.11.25"]
[SourceQuality "1"]

1. e4 e5 2. Nf3 Nc6 3. Bb5 a6 4. Ba4 Nf6 5. 0-0 Be7 6. Re1 b5 7. Bb3 d6 8. c3 0-0 9. h3 Na5 10. Bc2 c5 11. d4 Qc7 12. Nbd2 Nc6 13. d5 Na5 14. Nf1 Nc4 15. Ng3 g6 16. Nh2 Re8 17. a4 Nb6 18. axb5 axb5 19. Rxa8 1/2-1/2

[Event "HUN-chT 0102"]
[Site "Hungary"]
[Date "2002.01.13"]
[Round "5"]
[White "Hazai, Laszlo"]
[Black "Horvath, Adam"]
[Result "1/2-1/2"]
[WhiteElo "2443"]
[BlackElo "2497"]
[PlyCount "25"]
[EventDate "2001.??.??"]
[EventType "team"]
[EventRounds "11"]
[EventCountry "HUN"]
[SourceTitle "EXT 2004"]
[Source "ChessBase"]
[SourceDate "2003.11.25"]
[SourceVersion "1"]
[SourceVersionDate "2003.11.25"]
[SourceQuality "1"]

1. e4 c5 2. Nf3 e6 3. d4 cxd4 4. Nxd4 a6 5. Bd3 Bc5 6. Nb3 Be7 7. 0-0 d6 8. f4 Nd7 9. Nc3 Ngf6 10. Qe2 Qc7 11. Bd2 0-0 12. g4 g6 13. g5 1/2-1/2

[Event "HUN-chT 0102"]
[Site "Hungary"]
[Date "2001.12.02"]
[Round "4"]
[White "Csonka, Attila Istvan"]
[Black "Hazai, Laszlo"]
[Result "1/2-1/2"]
[WhiteElo "2302"]
[BlackElo "2443"]
[PlyCount "23"]
[EventDate "2001.??.??"]
[EventType "team"]
[EventRounds "11"]
[EventCountry "HUN"]
[SourceTitle "EXT 2004"]
[Source "ChessBase"]
[SourceDate "2003.11.25"]
[SourceVersion "1"]
[SourceVersionDate "2003.11.25"]
[SourceQuality "1"]

1. e4 e5 2. Nf3 Nc6 3. Bc4 Nf6 4. d3 Be7 5. 0-0 0-0 6. c3 d6 7. h3 Na5 8. Nbd2 c6 9. b4 Nxc4 10. Nxc4 Re8 11. Re1 h6 12. Bb2 1/2-1/2

[Event "HUN-chT 0001"]
[Site "Hungary"]
[Date "2001.02.25"]
[Round "7"]
[White "Hazai, Laszlo"]
[Black "Kiss, Attila"]
[Result "1/2-1/2"]
[WhiteElo "2440"]
[BlackElo "2338"]
[PlyCount "22"]
[EventDate "2000.11.26"]
[EventType "team"]
[EventRounds "11"]
[EventCountry "HUN"]
[SourceTitle "EXT 2009"]
[Source "ChessBase"]
[SourceDate "2008.11.26"]
[SourceVersion "1"]
[SourceVersionDate "2008.11.26"]
[SourceQuality "1"]
[WhiteTeam "Paks"]
[BlackTeam "Haladas"]
[WhiteTeamCountry "HUN"]
[BlackTeamCountry "HUN"]

1. e4 c5 2. Nf3 d6 3. d4 cxd4 4. Nxd4 Nf6 5. Nc3 Nc6 6. Bg5 e6 7. Qd2 Be7 8. 0-0-0 0-0 9. f4 Nxd4 10. Qxd4 a6 11. Bd3 h6 1/2-1/2

[Event "HUN-chT 0001"]
[Site "Hungary"]
[Date "2000.12.03"]
[Round "2"]
[White "Krizsany, Laszlo"]
[Black "Hazai, Laszlo"]
[Result "1/2-1/2"]
[WhiteElo "2464"]
[BlackElo "2440"]
[PlyCount "20"]
[EventDate "2000.11.26"]
[EventType "team"]
[EventRounds "11"]
[EventCountry "HUN"]
[SourceTitle "EXT 2009"]
[Source "ChessBase"]
[SourceDate "2008.11.26"]
[SourceVersion "1"]
[SourceVersionDate "2008.11.26"]
[SourceQuality "1"]
[WhiteTeam "Sarospatak"]
[BlackTeam "Paks"]
[WhiteTeamCountry "HUN"]
[BlackTeamCountry "HUN"]

1. d4 Nf6 2. Nf3 g6 3. g3 Bg7 4. Bg2 0-0 5. 0-0 d6 6. c4 Nc6 7. b3 a6 8. Bb2 Rb8 9. Nbd2 b5 10. Rc1 Bd7 1/2-1/2

[Event "HUN-chT 9900"]
[Site "Hungary"]
[Date "2000.02.13"]
[Round "7"]
[White "Hazai, Laszlo"]
[Black "Forintos, Gyozo Victor"]
[Result "1/2-1/2"]
[WhiteElo "2445"]
[BlackElo "2343"]
[PlyCount "33"]
[EventDate "1999.09.26"]
[EventType "team"]
[EventRounds "11"]
[EventCountry "HUN"]
[SourceTitle "EXT 2009"]
[Source "ChessBase"]
[SourceDate "2008.11.26"]
[SourceVersion "1"]
[SourceVersionDate "2008.11.26"]
[SourceQuality "1"]
[WhiteTeam "Paks"]
[BlackTeam "Hajduboszormeny"]
[WhiteTeamCountry "HUN"]
[BlackTeamCountry "HUN"]

1. e4 e6 2. d4 d5 3. Nd2 c5 4. exd5 exd5 5. Ngf3 a6 6. dxc5 Bxc5 7. Bd3 Qe7+ 8. Qe2 Nc6 9. Nb3 Ba7 10. 0-0 Qxe2 11. Bxe2 Bf5 12. c3 Nf6 13. Rd1 Bc2 14. Re1 0-0 15. Nbd4 Nxd4 16. Nxd4 Bxd4 17. cxd4 1/2-1/2

[Event "Gold Coast op"]
[Site "Gold Coast"]
[Date "1999.06.??"]
[Round "5"]
[White "Hazai, Laszlo"]
[Black "Rogers, Ian"]
[Result "1/2-1/2"]
[WhiteElo "2445"]
[BlackElo "2618"]
[PlyCount "51"]
[EventDate "1999.06.??"]
[EventType "swiss"]
[EventRounds "7"]
[EventCountry "AUS"]
[SourceTitle "EXT 2003"]
[Source "ChessBase"]
[SourceDate "2002.11.25"]
[SourceVersion "1"]
[SourceVersionDate "2002.11.25"]
[SourceQuality "1"]

1. e4 e6 2. d4 d5 3. Nc3 Bb4 4. e5 b6 5. a3 Bf8 6. Bb5+ Bd7 7. Bd3 c5 8. Nf3 Nc6 9. 0-0 a6 10. Re1 Be7 11. b3 b5 12. dxc5 Bxc5 13. Ne2 Nge7 14. Ng3 Ng6 15. Nh5 Bf8 16. Qe2 Qc7 17. Bd2 Rg8 18. Ng3 f6 19. exf6 gxf6 20. c4 bxc4 21. bxc4 d4 22. c5 Kf7 23. Qe4 Re8 24. Nxd4 Nxd4 25. Qxd4 Bxc5 26. Rac1 1/2-1/2

[Event "Gold Coast op"]
[Site "Gold Coast"]
[Date "1999.06.??"]
[Round "6"]
[White "Johansen, Darryl Keith"]
[Black "Hazai, Laszlo"]
[Result "0-1"]
[WhiteElo "2490"]
[BlackElo "2445"]
[PlyCount "86"]
[EventDate "1999.06.??"]
[EventType "swiss"]
[EventRounds "7"]
[EventCountry "AUS"]
[SourceTitle "EXT 2003"]
[Source "ChessBase"]
[SourceDate "2002.11.25"]
[SourceVersion "1"]
[SourceVersionDate "2002.11.25"]
[SourceQuality "1"]

1. d4 Nf6 2. c4 g6 3. Nc3 Bg7 4. e4 d6 5. Be2 0-0 6. Bg5 c5 7. d5 h6 8. Be3 e6 9. Qd2 exd5 10. cxd5 Re8 11. f3 h5 12. Bd1 a6 13. a4 Nbd7 14. Nge2 Ne5 15. b3 Qa5 16. Ra2 c4 17. 0-0 Nfd7 18. Nb1 Qc7 19. b4 a5 20. b5 Nc5 21. Nd4 Bd7 22. Nc3 Ned3 23. Ra3 f5 24. exf5 gxf5 25. Nde2 f4 26. Nxf4 Nxf4 27. Bxf4 Nd3 28. Be3 Bf5 29. Ne4 Qe7 30. Bg5 Qe5 31. h4 Rf8 32. Be2 Bxe4 33. fxe4 Qg3 34. Rf3 Bd4+ 35. Be3 Rxf3 36. Bxf3 Qf4 37. Rxd3 cxd3 38. Kf2 Rc8 39. Qxd3 Bxe3+ 40. Ke2 Bb6 41. e5 Qxe5+ 42. Kd2 Qb2+ 43. Ke1 Rc1+ 0-1

[Event "HUN-chT 9899"]
[Site "Hungary"]
[Date "1999.??.??"]
[Round "?"]
[White "Cao, Sang"]
[Black "Hazai, Laszlo"]
[Result "1/2-1/2"]
[WhiteElo "2495"]
[BlackElo "2445"]
[PlyCount "94"]
[EventDate "1998.??.??"]
[EventType "team"]
[EventRounds "12"]
[EventCountry "HUN"]
[SourceTitle "EXT 2000"]
[Source "ChessBase"]
[SourceDate "1999.11.16"]
[SourceVersion "1"]
[SourceVersionDate "1999.11.16"]
[SourceQuality "1"]

1. e4 e5 2. Nf3 Nc6 3. Bc4 Nf6 4. d3 Be7 5. 0-0 0-0 6. h3 d6 7. Nc3 Na5 8. Bb3 Nxb3 9. axb3 c5 10. Be3 Re8 11. Qd2 h6 12. Nd1 d5 13. exd5 e4 14. Nh2 Qxd5 15. Nc3 Qc6 16. d4 Be6 17. Rfd1 Red8 18. Nf1 b5 19. Ne2 Nd5 20. c4 bxc4 21. bxc4 Nxe3 22. Nxe3 cxd4 23. Nxd4 Qb6 24. Qa5 Qxb2 25. Nxe6 fxe6 26. Qc7 Bf6 27. Rxa7 Rac8 28. Rxd8+ Rxd8 29. Ng4 Qb1+ 30. Kh2 Qb8 31. Nxf6+ gxf6 32. Kg3 Qxc7+ 33. Rxc7 Rd2 34. c5 Rc2 35. c6 Kf8 36. h4 h5 37. Kf4 Rxf2+ 38. Kxe4 Rxg2 39. Rh7 Rc2 40. c7 Ke8 41. Rxh5 Kd7 42. Rh7+ Kc8 43. h5 Rc4+ 44. Kf3 Rh4 45. Kg3 Rh1 46. Kg2 Rh4 47. Kf3 Kb7 1/2-1/2

[Event "HUN-chT 9899"]
[Site "Hungary"]
[Date "1999.??.??"]
[Round "?"]
[White "Lukacs, Peter"]
[Black "Hazai, Laszlo"]
[Result "1/2-1/2"]
[WhiteElo "2475"]
[BlackElo "2445"]
[PlyCount "41"]
[EventDate "1998.??.??"]
[EventType "team"]
[EventRounds "12"]
[EventCountry "HUN"]
[SourceTitle "EXT 2000"]
[Source "ChessBase"]
[SourceDate "1999.11.16"]
[SourceVersion "1"]
[SourceVersionDate "1999.11.16"]
[SourceQuality "1"]

1. d4 Nf6 2. c4 g6 3. Nc3 Bg7 4. e4 d6 5. Be2 0-0 6. Bg5 c5 7. d5 h6 8. Bf4 e6 9. dxe6 Bxe6 10. Bxd6 Re8 11. Nf3 Nc6 12. 0-0 Nd4 13. e5 Nd7 14. Nxd4 cxd4 15. Qxd4 Nxe5 16. Bxe5 Qxd4 17. Bxd4 Bxd4 18. Rac1 Rad8 19. b3 Bxc3 20. Rxc3 Rd2 21. Bf3 1/2-1/2

[Event "HUN-chT 9899"]
[Site "Hungary"]
[Date "1998.??.??"]
[Round "?"]
[White "Paksa, Rudolf"]
[Black "Hazai, Laszlo"]
[Result "1/2-1/2"]
[WhiteElo "2275"]
[BlackElo "2445"]
[PlyCount "24"]
[EventDate "1998.??.??"]
[EventType "team"]
[EventRounds "12"]
[EventCountry "HUN"]
[SourceTitle "EXT 2000"]
[Source "ChessBase"]
[SourceDate "1999.11.16"]
[SourceVersion "1"]
[SourceVersionDate "1999.11.16"]
[SourceQuality "1"]

1. e4 e5 2. Nf3 Nc6 3. d4 exd4 4. Nxd4 Bc5 5. Nxc6 Qf6 6. Qd2 bxc6 7. Nc3 Nh6 8. Na4 Be7 9. Bd3 0-0 10. 0-0 d6 11. h3 Qg6 12. Qe3 Re8 1/2-1/2

[Event "HUN-chT 9798"]
[Site "Hungary"]
[Date "1997.??.??"]
[Round "?"]
[White "Hazai, Laszlo"]
[Black "Priehoda, Vitezslav"]
[Result "1/2-1/2"]
[WhiteElo "2455"]
[BlackElo "2425"]
[PlyCount "21"]
[EventDate "1997.??.??"]
[EventType "team"]
[EventRounds "12"]
[EventCountry "HUN"]
[SourceTitle "EXT 2000"]
[Source "ChessBase"]
[SourceDate "1999.11.16"]
[SourceVersion "1"]
[SourceVersionDate "1999.11.16"]
[SourceQuality "1"]

1. e4 c5 2. Nf3 Nc6 3. d4 cxd4 4. Nxd4 e6 5. Nc3 Qc7 6. Be2 Nf6 7. 0-0 a6 8. Be3 b5 9. Nxc6 dxc6 10. f4 Bb7 11. e5 1/2-1/2

[Event "HUN-chT 9798"]
[Site "Hungary"]
[Date "1997.??.??"]
[Round "?"]
[White "Horvath, Gyula"]
[Black "Hazai, Laszlo"]
[Result "1/2-1/2"]
[WhiteElo "2480"]
[BlackElo "2455"]
[PlyCount "28"]
[EventDate "1997.??.??"]
[EventType "team"]
[EventRounds "12"]
[EventCountry "HUN"]
[SourceTitle "EXT 2000"]
[Source "ChessBase"]
[SourceDate "1999.11.16"]
[SourceVersion "1"]
[SourceVersionDate "1999.11.16"]
[SourceQuality "1"]

1. e4 e5 2. Nf3 Nc6 3. Nc3 Nf6 4. Bb5 Nd4 5. Nxd4 exd4 6. e5 dxc3 7. exf6 Qxf6 8. dxc3 Qe5+ 9. Qe2 Qxe2+ 10. Bxe2 d5 11. Bf4 c6 12. c4 Be6 13. cxd5 Bxd5 14. 0-0 Be7 1/2-1/2